=LDR 00000nam 2200000 4500 =001 INLIS000000000015294 =005 20140607112209.0 =006 =007 =008 Ind =035 ##$$a 0010-061300000015294 =041 ##$$a Ind =082 ##$$a 636.085 =090 ##$$a 636.085, Ang-i =100 ##$$a Anggorodi, R =245 ##$$a Ilmu Makanan Ternak Unggas, Kemajuan Mutakhir, R.Anggorodi =260 ##$$a 1985 $b Jakarta =300 ##$$a XII 288 hlm, Ilus, 1985 =650 ##$$a Unggas-Makanan =850 ##$$a NBPNMAT